[Event "ONJK 2017 D"]
[Site "Borne"]
[Date "2017.08.08"]
[Round "3.4"]
[White "Slagboom, Leandro"]
[Black "Krohmer, Eric"]
[Result "1-0"]
[WhiteElo "1308"]
[BlackElo "1055"]
[PlyCount "73"]
[EventDate "2017.08.??"]

1. b3 Nc6 2. Bb2 e5 3. e3 Nf6 4. Nf3 e4 5. Nd4 Bc5 6. Nxc6 bxc6 7. Be2 O-O 8.
O-O d5 9. f3 Be6 10. Nc3 d4 11. exd4 Bxd4+ 12. Kh1 exf3 13. Bxf3 Qd7 14. Rb1
Bg4 15. Ne2 Bb6 16. Bxf6 Bxf3 17. Rxf3 gxf6 18. Rxf6 Qe7 19. Rf3 Rae8 20. Nc3
Kh8 21. Rh3 Rg8 22. Qf1 Rg7 23. Na4 Bd4 24. c3 Be5 25. Re3 Qg5 26. Rbe1 Qh5 27.
h3 f6 28. d4 Qg5 29. dxe5 Rxe5 30. Rxe5 fxe5 31. Re4 Qh5 32. Qf3 Qg5 33. Rg4
Qc1+ 34. Kh2 Rxg4 35. Qxg4 Qh6 36. Qc8+ Kg7 37. Qxc7+ 1-0

[Event "ONJK 2017 D"]
[Site "Borne"]
[Date "2017.08.08"]
[Round "3.5"]
[White "Warnaar, Tim"]
[Black "Maris, Evi"]
[Result "1-0"]
[WhiteElo "1146"]
[BlackElo "1037"]
[PlyCount "65"]
[EventDate "2017.08.??"]

1. e4 e5 2. Nf3 Nc6 3. d4 f6 4. d5 Nce7 5. Nc3 c6 6. Bc4 b5 7. Bb3 a5 8. a3 a4
9. Ba2 Ng6 10. dxc6 Qb6 11. cxd7+ Bxd7 12. Nd5 Qc6 13. Be3 f5 14. Nb6 Rd8 15.
Bd5 Qc7 16. Nxd7 Rxd7 17. Qe2 Nf6 18. Be6 Rd8 19. Qxb5+ Nd7 20. Bb6 Qb7 21.
exf5 Qxb6 22. Bxd7+ Rxd7 23. Qxb6 Nf4 24. Qb8+ Kf7 25. Nxe5+ Ke7 26. Nxd7 Kxd7
27. Qxf4 Be7 28. O-O-O+ Kc6 29. Qc4+ Bc5 30. Rd5 Rb8 31. Qxc5+ Kb7 32. Rd7+ Ka6
33. Ra7# 1-0

[Event "ONJK 2017 D"]
[Site "Borne"]
[Date "2017.08.08"]
[Round "3.6"]
[White "Groen, Jari"]
[Black "Honkoop, Stella"]
[Result "0-1"]
[WhiteElo "820"]
[BlackElo "1402"]
[PlyCount "66"]
[EventDate "2017.08.??"]

1. d4 d6 2. c4 Nf6 3. Nc3 Nbd7 4. Nf3 e5 5. Bg5 Be7 6. e3 c6 7. dxe5 dxe5 8.
Qc2 Qc7 9. Bd3 h6 10. Bh4 g5 11. Bg3 Bd6 12. e4 Nf8 13. O-O-O Ne6 14. Be2 g4
15. Nh4 Nd4 16. Qd3 Be6 17. f3 O-O-O 18. fxg4 Bxg4 19. Bxg4+ Nxg4 20. Nf3 Bc5
21. h3 Nb3+ 22. axb3 Rxd3 23. Rxd3 Nf2 24. Bxf2 Bxf2 25. Rf1 Bb6 26. Nd2 Rg8
27. Rdf3 Rg7 28. Rf6 Rh7 29. R1f5 Be3 30. Kc2 Bg5 31. Rxg5 hxg5 32. Rf5 Qe7 33.
Nf3 f6 0-1

[Event "ONJK 2017 D"]
[Site "Borne"]
[Date "2017.08.08"]
[Round "3.7"]
[White "Muntean, Felix"]
[Black "De Jong, Mats"]
[Result "1-0"]
[WhiteElo "1335"]
[BlackElo "979"]
[PlyCount "67"]
[EventDate "2017.08.??"]

1. e4 e5 2. Nf3 Nc6 3. Bc4 Bc5 4. c3 d6 5. d4 exd4 6. cxd4 Bb6 7. Ng5 Nh6 8.
Nf3 Ng4 9. O-O O-O 10. Nc3 Re8 11. Ng5 Rf8 12. Nf3 h6 13. h3 Nf6 14. Be3 Re8
15. Qd3 Nb4 16. Qd2 Nc6 17. Qc2 Qe7 18. Qb3 Nd8 19. e5 dxe5 20. dxe5 Bxe3 21.
exf6 Bxf2+ 22. Rxf2 Qxf6 23. Raf1 Rf8 24. Ne4 Qg6 25. Nc3 Be6 26. Ne5 Bxc4 27.
Qxc4 Qe6 28. Qxe6 Nxe6 29. Nd5 Rae8 30. Nd7 Rc8 31. Ne7+ Kh8 {Diagram #} 32.
Nxf8 Rxf8 33. Rxf7 Rxf7 34. Rxf7 1-0

[Event "ONJK 2017 D"]
[Site "Borne"]
[Date "2017.08.08"]
[Round "3.8"]
[White "Westerhof, Jannes"]
[Black "Heskes, Lise"]
[Result "0-1"]
[WhiteElo "1085"]
[BlackElo "1310"]
[PlyCount "68"]
[EventDate "2017.08.??"]

1. e4 c6 2. d4 d5 3. e5 Bf5 4. Nf3 e6 5. Nc3 Nd7 6. Be2 a6 7. O-O c5 8. Be3 h6
9. Qd2 Rc8 10. a3 Ne7 11. Rab1 Qc7 12. Na4 Ng6 13. Qc3 b5 14. Nxc5 Nxc5 15.
dxc5 Bxc5 16. Bxc5 Qxc5 17. Qxc5 Rxc5 18. Bd3 Bxd3 19. cxd3 O-O 20. d4 Rc2 21.
Rfc1 Rfc8 22. Rxc2 Rxc2 23. Ne1 Rc4 24. Nf3 Nf4 25. b3 Rc3 26. Kf1 Nd3 27. a4
Nc1 28. axb5 axb5 29. b4 Nb3 30. Ke2 g5 31. h3 h5 32. Nxg5 Nxd4+ 33. Kd2 Rc4
34. Rc1 Nb3+ 0-1

[Event "ONJK 2017 D"]
[Site "Borne"]
[Date "2017.08.08"]
[Round "3.9"]
[White "Ang, Rufus"]
[Black "Velasco, Kathleen"]
[Result "0-1"]
[WhiteElo "1009"]
[BlackElo "1232"]
[PlyCount "80"]
[EventDate "2017.08.??"]

1. d4 d5 2. c4 e6 3. Nc3 Nf6 4. a3 dxc4 5. e4 b6 6. Bxc4 Bb7 7. d5 exd5 8. Nxd5
Nxe4 9. Qd4 Nf6 10. Qe5+ Be7 11. Nxc7+ Kf8 12. Nxa8 Qe8 13. Bd2 Bxg2 14. Nc7
Qd7 15. Bd5 Nxd5 16. Nxd5 Nc6 17. Qg3 Qxd5 18. O-O-O Qc5+ 19. Bc3 Qg5+ 20. Kb1
Qxg3 21. fxg3 Bxh1 22. Kc2 Be4+ 23. Kb3 f6 24. Bb4 Nxb4 25. axb4 Kf7 26. Nh3
Rd8 27. Ra1 Rd3+ 28. Kc4 b5+ 29. Kxb5 Rd5+ 30. Kc4 Rd7 31. Nf2 Bd5+ 32. Kc3 Rb7
33. Rd1 Bxb4+ 34. Kc2 Rd7 35. Ra1 Bc5 36. Nh3 Bb6 37. Kc3 g5 38. Ng1 Bxg1 39.
Rxg1 Bf3 40. Rf1 g4 {... [89]} 0-1

[Event "ONJK 2017 D"]
[Site "Borne"]
[Date "2017.08.08"]
[Round "3.10"]
[White "De Putter, Sven"]
[Black "Cordes, Jule"]
[Result "1/2-1/2"]
[WhiteElo "1228"]
[BlackElo "955"]
[PlyCount "62"]
[EventDate "2017.08.??"]

1. e4 e5 2. Nf3 Nc6 3. Bc4 Bc5 4. c3 Nf6 5. d4 exd4 6. e5 Ng8 7. cxd4 Bb4+ 8.
Nc3 d5 9. Bb5 Nge7 10. Bg5 Bd7 11. a3 Bxc3+ 12. bxc3 O-O 13. Qc2 Nxe5 14. Be2
Nxf3+ 15. Bxf3 c6 16. O-O h6 17. Bh4 Re8 18. Bxe7 Qxe7 19. Qd2 Qf6 20. Rfe1 Bf5
21. Rxe8+ Rxe8 22. Re1 Rxe1+ 23. Qxe1 Qe6 24. Qxe6 Bxe6 25. Kf1 Kf8 26. Ke2 Ke7
27. g3 Kd7 28. Kd2 Kc7 29. Kc2 Kb6 30. Kb3 a5 31. a4 Kc7 1/2-1/2

[Event "ONJK 2017 D"]
[Site "Borne"]
[Date "2017.08.08"]
[Round "3.12"]
[White "Naessens, Wolf"]
[Black "Maes, Zayd"]
[Result "1-0"]
[WhiteElo "1453"]
[BlackElo "759"]
[PlyCount "53"]
[EventDate "2017.08.??"]

1. e4 c5 2. Nf3 d6 3. d4 cxd4 4. Nxd4 Nf6 5. Nc3 Nc6 6. Be2 e5 7. Nf3 Bg4 8. h3
Bh5 9. Bg5 Be7 10. O-O O-O 11. Bxf6 Bxf6 12. Qd5 Bxf3 13. Bxf3 Nd4 14. Bg4 Bg5
15. f4 Qb6 16. Kh1 Bxf4 17. Rxf4 exf4 18. Na4 Qc7 19. Qxd4 Qxc2 20. Bf3 b5 21.
Bd1 Qc6 22. Nc3 Rab8 23. Qd5 Qa6 24. Be2 Qc8 25. Qxd6 b4 26. Ba6 Rb6 27. Qxb6
1-0

[Event "ONJK 2017 D"]
[Site "Borne"]
[Date "2017.08.08"]
[Round "3.14"]
[White "Sannen, Jette"]
[Black "D'Haenens, Leon"]
[Result "0-1"]
[WhiteElo "740"]
[BlackElo "1407"]
[PlyCount "35"]
[EventDate "2017.08.??"]

1. e4 c5 2. Nf3 e6 3. d4 cxd4 4. Nxd4 a6 5. Be2 Qc7 6. O-O Nf6 7. Nc3 Be7 8.
Be3 O-O 9. Qd2 d6 10. Rad1 Nbd7 11. Rfe1 b5 12. Bf1 Bb7 13. Nce2 Nxe4 14. Qc1
Ndf6 15. Nf3 Rac8 16. c3 Qa5 17. a3 Qa4 18. Ng3 {
... both notations unreadable [35]} 0-1

[Event "ONJK 2017 D"]
[Site "Borne"]
[Date "2017.08.08"]
[Round "3.15"]
[White "Zoet, Jelle"]
[Black "Den Heijer, Rolinde"]
[Result "0-1"]
[WhiteElo "678"]
[BlackElo "1222"]
[PlyCount "80"]
[EventDate "2017.08.??"]

1. d4 d5 2. c4 c6 3. Nc3 Nf6 4. Nf3 Bf5 5. e3 g6 6. Bd3 Bxd3 7. Qxd3 Bg7 8. c5
O-O 9. Bd2 Nbd7 10. O-O-O b6 11. Na4 Ne4 12. Qe2 bxc5 13. dxc5 Ndxc5 14. Nc3
Qb6 15. Be1 Rab8 16. Rd2 Nxd2 17. Qxd2 Bxc3 18. Qxc3 Na4 19. Qc2 Qxb2+ 20. Qxb2
Nxb2 21. Bc3 Nd3+ 22. Kd2 Nxf2 23. Rf1 Ng4 24. h3 Nf6 25. Be5 Rbc8 26. Rc1 Ne4+
27. Ke1 c5 28. a4 f6 29. Bh2 e5 30. g4 d4 31. exd4 cxd4 32. Rxc8 Rxc8 33. Bg1
a5 34. Kf1 Rc4 35. Kg2 Rxa4 36. h4 Rc4 37. Kh3 a4 38. Bh2 a3 39. Ne1 a2 40. Nf3
a1=Q 0-1

[Event "ONJK 2017 D"]
[Site "Borne"]
[Date "2017.08.08"]
[Round "3.18"]
[White "De Heij, Terje"]
[Black "Tiggelman, Vincent"]
[Result "0-1"]
[WhiteElo "638"]
[BlackElo "1091"]
[PlyCount "140"]
[EventDate "2017.08.??"]

1. e4 c6 2. d4 d5 3. exd5 cxd5 4. Bb5+ Nc6 5. Bxc6+ bxc6 6. Ne2 Nf6 7. Nbc3 Bf5
8. Bf4 e6 9. a3 Bd6 10. Qd2 O-O 11. O-O-O Rb8 12. Bxd6 Qxd6 13. Na4 Ne4 14. Qf4
Qxf4+ 15. Nxf4 Nxf2 16. Nc5 Rfd8 17. b4 Nxh1 18. Rxh1 g6 19. h3 Kg7 20. g4 Be4
21. Rg1 Kf6 22. h4 e5 23. dxe5+ Kxe5 24. Rf1 f5 25. Nce6 Rd7 26. Nc5 Rf7 27.
Na6 Rb6 28. Nc5 fxg4 29. Nfd3+ Bxd3 30. Rxf7 g3 31. Nxd3+ Ke4 32. Rf1 g2 33.
Rg1 Kf3 34. Kd1 Rb7 35. Ne1+ Kg3 36. Rxg2+ Kxh4 37. Rh2+ Kg5 38. Nf3+ Kf6 39.
Kd2 h5 40. Kd3 Kg7 41. Ng5 Kh6 42. Nf3 g5 43. Ne5 Rc7 44. c4 h4 45. Kd4 dxc4
46. Kxc4 Kh5 47. Kc5 g4 48. Nxc6 g3 49. Re2 Kg4 50. Kd5 Rxc6 51. Kxc6 Kh3 52.
Kb7 g2 53. Rxg2 Kxg2 54. Kxa7 h3 55. b5 h2 56. b6 h1=Q 57. b7 Qh7 58. Ka8 Qe4
59. Kb8 Qe8+ 60. Ka7 Qa4+ 61. Kb8 Qxa3 62. Kc7 Qc5+ 63. Kb8 Kf3 64. Ka8 Qa5+
65. Kb8 Ke4 66. Kc8 Qc5+ 67. Kb8 Kd5 68. Ka8 Qa5+ 69. Kb8 Kc6 70. Kc8 Qc7# 0-1

[Event "ONJK 2017 D"]
[Site "Borne"]
[Date "2017.08.08"]
[Round "4.1"]
[White "De Rycke, Tyani"]
[Black "Slagboom, Leandro"]
[Result "0-1"]
[WhiteElo "1603"]
[BlackElo "1308"]
[PlyCount "164"]
[EventDate "2017.08.??"]

1. e4 b6 2. Nc3 Bb7 3. d4 e6 4. Nf3 Bb4 5. Bd3 Nf6 6. Bg5 h6 7. Bxf6 Qxf6 8. a3
Bxc3+ 9. bxc3 O-O 10. O-O Nc6 11. Qd2 d5 12. Rfe1 Rfe8 13. Qe2 Qd8 14. Ba6 Bxa6
15. Qxa6 Qc8 16. Qb5 Qd7 17. Re2 Ne5 18. Qxd7 Nxd7 19. Rae1 Nf6 20. Nd2 b5 21.
f3 Re7 22. Nb3 dxe4 23. fxe4 Rae8 24. Nc5 Nd7 25. Na6 Nb8 26. Nb4 a5 27. Nd3
Nd7 28. Rb1 c6 29. Ra1 Nb6 30. Ne5 Rc8 31. Rf2 Rcc7 32. Rff1 Rc8 33. Rab1 Rcc7
34. Rf2 Rc8 35. Rf3 Rcc7 36. Rbf1 Nc8 37. Ra1 Nb6 38. Rb1 Rc8 39. c4 Nxc4 40.
Nxc4 bxc4 41. Rc3 e5 42. dxe5 Rxe5 43. Rxc4 Rce8 44. Rxc6 Rxe4 45. Rc5 a4 46.
Rc3 Re3 47. Rxe3 Rxe3 48. Ra1 Rc3 49. Ra2 f5 50. Kf2 Kf7 51. Ke2 Ke6 52. Kd2
Rc5 53. Kd3 Kd5 54. Rb2 g5 55. Rb4 Ra5 56. Rb6 Rc5 57. Rxh6 Rc4 58. Rd6+ Kxd6
59. Kxc4 Ke5 60. Kb4 g4 61. c4 f4 62. c5 f3 63. gxf3 gxf3 64. Kxa4 f2 65. Kb4
f1=Q 66. a4 Qa6 67. h4 Kf5 68. Kb3 Kg4 69. Kb4 Kxh4 70. Kb3 Kg5 71. Kb4 Kf5 72.
c6 Qxc6 73. Ka5 Qa8+ 74. Kb5 Ke6 75. a5 Qa7 76. a6 Kd5 77. Ka5 Kc5 78. Ka4
Qxa6+ 79. Kb3 Qc4+ 80. Kb2 Kb4 81. Ka1 Kb3 82. Kb1 Qf1# 0-1

[Event "ONJK 2017 D"]
[Site "Borne"]
[Date "2017.08.08"]
[Round "4.2"]
[White "Goudriaan, Rafael"]
[Black "Casur, Jan"]
[Result "1/2-1/2"]
[WhiteElo "1091"]
[BlackElo "1526"]
[PlyCount "75"]
[EventDate "2017.08.??"]

1. e4 e5 2. Nf3 Nc6 3. Nc3 Nf6 4. Bc4 Bc5 5. d3 d6 6. h3 h6 7. Be3 Bb6 8. O-O
Be6 9. Bb3 O-O 10. Qd2 d5 11. exd5 Nxd5 12. Nxd5 Bxd5 13. Bxd5 Qxd5 14. Rfe1
Rad8 15. b4 Bxe3 16. Rxe3 f6 17. c4 Qd6 18. b5 Nd4 19. Nxd4 Qxd4 20. Rd1 Rfe8
21. Re4 Qc5 22. Qc3 Rd4 23. Rxd4 Qxd4 24. Qxd4 exd4 25. Kf1 Kf7 26. Re1 Rxe1+
27. Kxe1 Ke6 28. Ke2 c5 29. Kf3 f5 30. g4 Ke5 31. Kg3 g5 32. Kf3 a6 33. bxa6
bxa6 34. a4 Kf6 35. Kg3 Kg6 36. f3 f4+ 37. Kf2 Kf6 38. a5 1/2-1/2

[Event "ONJK 2017 D"]
[Site "Borne"]
[Date "2017.08.08"]
[Round "4.3"]
[White "Heskes, Lise"]
[Black "Warnaar, Tim"]
[Result "1-0"]
[WhiteElo "1310"]
[BlackElo "1146"]
[PlyCount "84"]
[EventDate "2017.08.??"]

1. e4 e5 2. f4 Nf6 3. fxe5 Nxe4 4. Nf3 Bc5 5. d4 Bb6 6. Nc3 Ba5 7. Bd2 Nxd2 8.
Qxd2 O-O 9. Bc4 d6 10. O-O Nc6 11. exd6 Qxd6 12. Rad1 Bg4 13. a3 Bxf3 14. Rxf3
Nxd4 15. Rd3 c5 16. Nb5 Qb6 17. b4 cxb4 18. Nxd4 b3 19. Qc1 bxc2 20. Qxc2 Rac8
21. Qa2 Qc5 22. Bb3 Bb6 23. Kh1 Qh5 24. Rf3 Rcd8 25. Ne2 Bc7 26. Rh3 Qg4 27.
Rxd8 Bxd8 28. Qc2 h6 29. Rf3 Bb6 30. Qd1 Qh5 31. Ng3 Qh4 32. Rf1 Bc7 33. Qf3 g6
34. Qe4 Bxg3 35. Qxg6+ Kh8 36. Qxg3 Qxg3 37. hxg3 Kg7 38. Rd1 Kf6 39. Rd7 Rg8
40. Rxf7+ Kg6 41. Rxb7 Kf5 42. Bxg8 Kf6 1-0

[Event "ONJK 2017 D"]
[Site "Borne"]
[Date "2017.08.08"]
[Round "4.4"]
[White "Honkoop, Stella"]
[Black "Muntean, Felix"]
[Result "1-0"]
[WhiteElo "1402"]
[BlackElo "1335"]
[PlyCount "67"]
[EventDate "2017.08.??"]

1. e4 e5 2. Nf3 Nc6 3. d4 exd4 4. Nxd4 Bc5 5. Be3 d6 6. Nxc6 bxc6 7. Bxc5 dxc5
8. Qxd8+ Kxd8 9. Nc3 Nf6 10. O-O-O+ Ke7 11. f3 Be6 12. b3 Rad8 13. Be2 Rd4 14.
Rd3 Rhd8 15. Rhd1 a5 16. Na4 Rxd3 17. Rxd3 Rxd3 18. Bxd3 Kd6 19. Kd2 g5 20. Nb2
Nd7 21. Bc4 Ne5 22. Bxe6 Kxe6 23. Kc3 h5 24. Nc4 Nxc4 25. Kxc4 Kd6 26. c3 f6
27. a3 h4 28. a4 Ke5 29. g3 hxg3 30. hxg3 Kd6 31. b4 cxb4 32. cxb4 axb4 33.
Kxb4 c5+ 34. Kb5 1-0

[Event "ONJK 2017 D"]
[Site "Borne"]
[Date "2017.08.08"]
[Round "4.5"]
[White "Velasco, Kathleen"]
[Black "De Vries, Fabian"]
[Result "1-0"]
[WhiteElo "1232"]
[BlackElo "1454"]
[PlyCount "135"]
[EventDate "2017.08.??"]

1. e4 c6 2. d4 d5 3. exd5 cxd5 4. Bd3 Nf6 5. Nf3 Nc6 6. O-O Bg4 7. Be3 e6 8. c3
Bd6 9. Nbd2 O-O 10. Qc2 Rb8 11. Bg5 b5 12. a3 h6 13. Bh4 a5 14. Rfe1 Bxf3 15.
Nxf3 Be7 16. Bg3 Rb7 17. Ne5 Qb6 18. Rec1 b4 19. Nxc6 Qxc6 20. cxb4 Qxc2 21.
Rxc2 axb4 22. Rc7 Rxc7 23. Bxc7 bxa3 24. bxa3 Rc8 25. Be5 Rc3 26. Rd1 Rxa3 27.
Bb1 Rb3 28. h3 Rb2 29. Rc1 g6 30. Bd3 Kg7 31. Rc7 Bd8 32. Rc8 Ba5 33. Ra8 Be1
34. f3 Bf2+ 35. Kh2 Rd2 36. Bb5 Bxd4 37. Bf4 Rb2 38. Bc6 Nh5 39. Bd6 Rb6 40.
Rc8 Kf6 41. g4 Ng7 42. f4 g5 43. Bc7 Rb2+ 44. Kg3 gxf4+ 45. Kxf4 Rf2+ 46. Kg3
h5 47. Bd8+ Kg6 48. Be7 Rf1 49. Bb5 Rb1 50. Bd3+ f5 51. Bxb1 Bf6 52. Bd6 hxg4
53. hxg4 Kg5 54. Bf4+ Kg6 55. Kf3 e5 56. gxf5+ Nxf5 57. Bg3 e4+ 58. Kg2 Kf7 59.
Ba2 Ke6 60. Rc6+ Ke7 61. Bf4 d4 62. Re6+ Kf7 63. Rxe4+ Kg6 64. Bb1 Nh4+ 65. Kh3
Kf7 66. Be5 Nf5 67. Bxf6 Kxf6 68. Rf4 1-0

[Event "ONJK 2017 D"]
[Site "Borne"]
[Date "2017.08.08"]
[Round "4.6"]
[White "Tiggelman, Vincent"]
[Black "Naessens, Wolf"]
[Result "1/2-1/2"]
[WhiteElo "1091"]
[BlackElo "1453"]
[PlyCount "63"]
[EventDate "2017.08.??"]

1. e4 e5 2. Nc3 Nc6 3. Bc4 Bc5 4. d3 h6 5. f4 a6 6. Nf3 d6 7. Na4 Ba7 8. h3 Bd7
9. Nc3 Nf6 10. Bd2 Nh5 11. f5 Nd4 12. Nxd4 Qh4+ 13. g3 Qxg3+ 14. Kf1 Bxd4 15.
Be1 Qf4+ 16. Kg2 Qg5+ 17. Qg4 Nf4+ 18. Kf3 Qxg4+ 19. hxg4 Bxc3 20. Bxc3 g6 21.
Rag1 a5 22. d4 b5 23. Bf1 b4 24. Bd2 g5 25. d5 f6 26. b3 c6 27. dxc6 Bxc6 28.
Bc4 Ke7 29. Bxf4 exf4 30. Rd1 Rad8 31. Rd4 Be8 32. Rd5 1/2-1/2

[Event "ONJK 2017 D"]
[Site "Borne"]
[Date "2017.08.08"]
[Round "4.7"]
[White "D'Haenens, Leon"]
[Black "Molanus, Florian"]
[Result "0-1"]
[WhiteElo "1407"]
[BlackElo "1034"]
[PlyCount "90"]
[EventDate "2017.08.??"]

1. c4 Nc6 2. Nc3 e5 3. g3 Bc5 4. Bg2 Nf6 5. e3 d6 6. Nge2 Bg4 7. O-O a6 8. a3
O-O 9. b4 Ba7 10. f3 Be6 11. d3 Qd7 12. Kh1 Rab8 13. d4 Bxc4 14. Rf2 Ne7 15.
Bb2 Ng6 16. Qc2 Rfe8 17. Rd1 Qe6 18. Nc1 c6 19. f4 exf4 20. exf4 Ng4 21. f5
Nxf2+ 22. Qxf2 Qf6 23. Ne4 Rxe4 24. Bxe4 Ne7 25. Qf4 Bd5 26. Bxd5 Nxd5 27. Qe4
Qe7 28. Qxe7 Nxe7 29. Rf1 Nd5 30. Rf3 Re8 31. Kg2 Re4 32. Nb3 Re2+ 33. Rf2 Ne3+
34. Kf3 Rxf2+ 35. Kxf2 Nd1+ 36. Ke2 Nxb2 37. Na5 Bxd4 38. Nxb7 Be5 39. Na5 c5
40. bxc5 dxc5 41. Nb3 c4 42. Nd2 c3 43. Nf3 Bd6 44. Nd4 Bxa3 45. Nc2 Bc5 0-1

[Event "ONJK 2017 D"]
[Site "Borne"]
[Date "2017.08.08"]
[Round "4.8"]
[White "Krohmer, Eric"]
[Black "Arnold, Lorin"]
[Result "0-1"]
[WhiteElo "1055"]
[BlackElo "1377"]
[PlyCount "56"]
[EventDate "2017.08.??"]

1. e4 c5 2. Nf3 Nc6 3. c3 Nf6 4. e5 Nd5 5. d4 e6 6. Bc4 Nb6 7. Bb3 d5 8. Be3
cxd4 9. cxd4 Bb4+ 10. Nbd2 O-O 11. O-O Na5 12. Rc1 Bxd2 13. Bxd2 Nac4 14. Qc2
Bd7 15. Bxc4 Rc8 16. b3 dxc4 17. bxc4 Rxc4 18. Qd3 Bb5 19. Qa3 Ra4 20. Qb3 Bxf1
21. Kxf1 Qe7 22. Qb2 Nc4 23. Qc2 Nxd2+ 24. Nxd2 Rxd4 25. Nf3 Rdd8 26. Qe4 h6
27. Qg4 Qa3 28. Rb1 Qd3+ 0-1

[Event "ONJK 2017 D"]
[Site "Borne"]
[Date "2017.08.08"]
[Round "4.9"]
[White "Maris, Evi"]
[Black "De Putter, Sven"]
[Result "0-1"]
[WhiteElo "1037"]
[BlackElo "1228"]
[PlyCount "60"]
[EventDate "2017.08.??"]

1. e4 e5 2. Nf3 Nc6 3. Bc4 Bc5 4. Nc3 Nf6 5. Ng5 O-O 6. d3 h6 7. Nf3 d6 8. O-O
Bg4 9. h3 Bh5 10. Be3 Bd4 11. Na4 a6 12. Nc3 Nd7 13. Rb1 Kh8 14. Nd5 f5 15. c3
fxe4 16. dxe4 Bxf3 17. gxf3 Bxe3 18. fxe3 Qg5+ 19. Kf2 Qh4+ 20. Ke2 Nf6 21.
Nxc7 Nh5 22. Rg1 Qxh3 23. Nxa8 Rxf3 24. Qxd6 Rxe3+ 25. Kd2 Rf3 26. Qg6 Rf2+ 27.
Be2 Rxe2+ 28. Kxe2 Nf4+ 29. Kd2 Qd3+ 30. Kc1 Ne2# 0-1

[Event "ONJK 2017 D"]
[Site "Borne"]
[Date "2017.08.08"]
[Round "4.10"]
[White "Den Heijer, Rolinde"]
[Black "Knol, Daniel"]
[Result "1-0"]
[WhiteElo "1222"]
[BlackElo "1008"]
[PlyCount "97"]
[EventDate "2017.08.??"]

1. e4 e5 2. Nf3 Nc6 3. Nc3 Nf6 4. Bc4 Bc5 5. O-O O-O 6. d3 h6 7. b3 d6 8. h3
Be6 9. Bb5 Bd4 10. Bb2 Bxc3 11. Bxc3 Qd7 12. Re1 a6 13. Bxc6 Qxc6 14. Bb2 Rfe8
15. Rc1 Bd7 16. Qe2 Nh5 17. Nh4 Nf4 18. Qe3 g5 19. Qg3 Kh7 20. Nf3 f6 21. Nh2
Rg8 22. Qf3 h5 23. g3 Nxh3+ 24. Kg2 g4 25. Qxf6 Rg7 26. Qh4 Kg6 27. Rf1 Rf8 28.
f4 gxf3+ 29. Rxf3 Rxf3 30. Nxf3 Rf7 31. c4 Qc5 32. d4 exd4 33. Bxd4 Qa3 34. Rc2
a5 35. e5 a4 36. Qe4+ Bf5 37. Nh4+ Kg5 38. Nxf5 axb3 39. axb3 Rxf5 40. Kxh3
dxe5 41. Bxe5 Qxb3 42. Bf4+ Kg6 43. Qe6+ Rf6 44. Qg8+ Kf5 45. Qg5+ Ke6 46. Re2+
Kf7 47. Qxh5+ Rg6 48. Qh7+ Rg7 49. Qf5+ 1-0

[Event "ONJK 2017 D"]
[Site "Borne"]
[Date "2017.08.08"]
[Round "4.11"]
[White "Zheng, Jimmy"]
[Black "Bollow, Jan Henrik"]
[Result "1-0"]
[WhiteElo "1157"]
[BlackElo "1002"]
[PlyCount "91"]
[EventDate "2017.08.??"]

1. e4 e5 2. Nf3 Nc6 3. Bc4 Nf6 4. d3 h6 5. O-O Bc5 6. c3 O-O 7. Re1 d6 8. h3
Be6 9. Bb3 Qd7 10. Bxe6 fxe6 11. d4 Bb6 12. dxe5 dxe5 13. Qxd7 Nxd7 14. Be3 Nc5
15. Bxc5 Bxc5 16. Nbd2 b5 17. b4 Bb6 18. a4 bxa4 19. Rxa4 a5 20. bxa5 Rxa5 21.
Rxa5 Nxa5 22. Re2 Nc6 23. Nc4 Na5 24. Nfxe5 Rd8 25. Kh2 Nxc4 26. Nxc4 Bc5 27.
f3 e5 28. g3 Rd1 29. Nxe5 Bg1+ 30. Kg2 Ba7 31. f4 Rg1+ 32. Kf3 Rf1+ 33. Kg4 Kh7
34. Kf5 Rd1 35. h4 Bc5 36. h5 Rd6 37. Kg4 Rf6 38. Nd7 Rc6 39. Nxc5 Rxc5 40. e5
g6 41. hxg6+ Kxg6 42. e6 Rxc3 43. e7 h5+ 44. Kh4 Kf5 45. e8=Q c5 46. Qe6# 1-0

[Event "ONJK 2017 D"]
[Site "Borne"]
[Date "2017.08.08"]
[Round "4.12"]
[White "Adema, Wessel"]
[Black "Van der Noordaa, Joost"]
[Result "0-1"]
[WhiteElo "1138"]
[BlackElo "951"]
[PlyCount "76"]
[EventDate "2017.08.??"]

1. d4 e6 2. c4 Be7 3. Nc3 Nf6 4. e4 b6 5. Nf3 d6 6. Bf4 Nbd7 7. e5 Nh5 8. exd6
cxd6 9. Be3 Nhf6 10. g3 Bb7 11. Bg2 a6 12. O-O O-O 13. Qd3 Rc8 14. a4 Rc7 15.
a5 bxa5 16. Rxa5 Rc8 17. b4 d5 18. c5 Ne4 19. Nxe4 dxe4 20. Qe2 exf3 21. Bxf3
Ba8 22. Rxa6 Bxf3 23. Qxf3 Rb8 24. Rb1 Qc8 25. c6 Qxa6 26. b5 Rxb5 27. Rxb5
Qxb5 28. cxd7 Qxd7 29. Qe4 Rc8 30. f4 Rc4 31. Kg2 Bc5 32. Qa8+ Bf8 33. Qe4 g6
34. Qe5 Bg7 35. Qb8+ Rc8 36. Qb4 Rc2+ 37. Kf3 Qd5+ 38. Kg4 Qh5# 0-1

[Event "ONJK 2017 D"]
[Site "Borne"]
[Date "2017.08.08"]
[Round "4.13"]
[White "Cordes, Jule"]
[Black "Salomons, Matthijs"]
[Result "0-1"]
[WhiteElo "955"]
[BlackElo "1120"]
[PlyCount "80"]
[EventDate "2017.08.??"]

1. d4 e6 2. e4 d5 3. exd5 exd5 4. c4 Nf6 5. Nc3 c6 6. Nf3 Bd6 7. Bg5 Qe7+ 8.
Be3 Bf4 9. Qe2 Bxe3 10. Qxe3 Qxe3+ 11. fxe3 Ng4 12. e4 Ne3 13. Kd2 Nxc4+ 14.
Bxc4 dxc4 15. Rhf1 O-O 16. Rac1 Na6 17. a3 Rd8 18. Ke3 c5 19. d5 Re8 20. Ne2
Bf5 21. Ng3 g6 22. Ng5 Rad8 23. Nxf5 Rxd5 24. Nxf7 Rd3+ 25. Kf4 Kxf7 26. Nh6+
Kg7 27. Ng4 Rf8+ 28. Ke5 Rxf1 29. Rxf1 c3 30. bxc3 Rxc3 31. a4 Rd3 32. Ke6 Nc7+
33. Ke7 Rd4 34. Rf7+ Kh8 35. Kf6 (35. Nf6) 35... Ne8+ 36. Kg5 Rd8 37. Kh6 Kg8
38. Rxh7 c4 39. Kxg6 Rd6+ 40. Kf5 Kxh7 0-1

[Event "ONJK 2017 D"]
[Site "Borne"]
[Date "2017.08.08"]
[Round "4.15"]
[White "Torensma, Dylan"]
[Black "Westerhof, Jannes"]
[Result "1/2-1/2"]
[WhiteElo "916"]
[BlackElo "1085"]
[PlyCount "98"]
[EventDate "2017.08.??"]

1. e4 c6 2. d4 d5 3. Nc3 dxe4 4. Nxe4 Bf5 5. Ng3 Bg6 6. Nf3 Nf6 7. Bd3 Bxd3 8.
Qxd3 e6 9. Bg5 Be7 10. c3 h6 11. Bxf6 Bxf6 12. Ne4 O-O 13. O-O Nd7 14. Rfe1 Re8
15. Rad1 Qb6 16. Qc2 e5 17. dxe5 Nxe5 18. Nxf6+ gxf6 19. Nxe5 fxe5 20. Rb1 Re7
21. Qd3 c5 22. Qg3+ Qg6 23. Qxg6+ fxg6 24. f4 Rae8 25. fxe5 Rxe5 26. Kf1 Rxe1+
27. Rxe1 Rxe1+ 28. Kxe1 Kf7 29. Ke2 Kf6 30. Kf3 Kf5 31. g4+ Ke5 32. Ke3 Kf6 33.
h3 Kg5 34. Kf3 Kh4 35. Kg2 g5 36. b4 cxb4 37. cxb4 a6 38. a4 b5 39. axb5 axb5
40. Kh2 h5 41. gxh5 Kxh5 42. Kg3 Kg6 43. Kf3 Kh6 44. Kg4 Kg6 45. Kf3 Kh6 46.
Kg4 Kg6 47. Kf3 Kf5 48. Kg3 Kf6 49. Kg4 Kg6 1/2-1/2

[Event "ONJK 2017 D"]
[Site "Borne"]
[Date "2017.08.09"]
[Round "5.1"]
[White "Slagboom, Leandro"]
[Black "Velasco, Kathleen"]
[Result "1-0"]
[WhiteElo "1308"]
[BlackElo "1232"]
[PlyCount "89"]
[EventDate "2017.08.??"]

1. b3 e5 2. Bb2 Nc6 3. e3 Nf6 4. Nf3 d6 5. Be2 Be7 6. O-O O-O 7. d4 exd4 8.
Nxd4 Nxd4 9. exd4 Bf5 10. Bd3 Bg6 11. h3 d5 12. Bxg6 fxg6 13. Nd2 c6 14. Nf3
Bd6 15. Qc1 Ne4 16. Ne5 Bxe5 17. dxe5 Qe7 18. f3 Ng3 19. Re1 Qc7 20. Kf2 Ne4+
21. Kg1 Ng3 22. Qg5 Nf5 23. e6 Rae8 24. Re5 Qe7 25. Qxe7 Nxe7 26. Rae1 Rd8 27.
Ba3 Rfe8 28. Bxe7 Rxe7 29. g4 b6 30. f4 Ree8 31. Kg2 Rd6 32. Kg3 h6 33. f5 gxf5
34. gxf5 Kf8 35. Kh4 Ke7 36. Kh5 Kf6 37. Kg4 c5 38. R5e3 b5 39. Rg3 g6 40. fxg6
Kxg6 41. Kh4+ Kf6 42. Rf3+ Kg6 43. Rg1+ Kh7 44. Rf7+ Kh8 45. e7 1-0

[Event "ONJK 2017 D"]
[Site "Borne"]
[Date "2017.08.09"]
[Round "5.2"]
[White "Casur, Jan"]
[Black "Heskes, Lise"]
[Result "1/2-1/2"]
[WhiteElo "1526"]
[BlackElo "1310"]
[PlyCount "67"]
[EventDate "2017.08.??"]

1. e4 c6 2. d3 d5 3. Nd2 dxe4 4. dxe4 Nf6 5. h3 e5 6. Ngf3 Qc7 7. a4 h6 8. Bc4
a5 9. c3 Bc5 10. Qc2 O-O 11. O-O Re8 12. Rb1 Na6 13. Ne1 b6 14. Nd3 Bb7 15.
Nxc5 Nxc5 16. Re1 Rad8 17. b4 axb4 18. cxb4 Ne6 19. Nf3 Nh7 20. h4 Nd4 21. Nxd4
exd4 22. Qd3 c5 23. bxc5 bxc5 24. Bd2 Ba8 25. a5 Qe7 26. Qb3 Qc7 27. Qd3 Nf6
28. f3 Qd6 29. Rb6 Qc7 30. Reb1 Rb8 31. Qb3 Rxb6 32. axb6 Qb7 33. Ra1 Re7 34.
Ra7 1/2-1/2